000 01030pam a2200277 a 4500
999 _c3620
_d3620
001 4962763
003 Nust
005 20180117090010.0
008 970630s1998 njuab 001 0 eng
010 _a 97024092
020 _a0137428421 (pbk. : alk. paper)
040 _aDLC
_cDLC
_dDLC
050 0 0 _aHB172.5
_b.O85 1998
082 0 0 _a339
_221
100 1 _aO'Sullivan, Arthur.
245 1 0 _aMacroeconomics :
_bprinciples and tools /
_cArthur O'Sullivan, Steven M. Sheffrin.
260 _aUpper Saddle River, N.J. :
_bPrentice Hall,
_cc1998.
300 _axxxi, 384 p. :
_bill. (some col.), col. maps ;
_c26 cm.
500 _aIncludes index.
650 0 _aMacroeconomics.
700 1 _aSheffrin, Steven M.
906 _a7
_bcbc
_corignew
_d1
_eocip
_f19
_gy-gencatlg
942 _2ddc
_cBK